Ariana Grande - Paroles no tears left to cry - Statistiques

Statistiques générales
  • Ce quiz a été pris 135 fois
  • Le résultat moyen est 380 sur 493
Statistiques - réponses
Hint Réponse % Correct
(Hmm,
100%
I
100%
cry
99%
cry)
99%
(Cry)
99%
no
99%
tears
99%
a
98%
left
98%
to
98%
(to
98%
up,
95%
up
95%
up)
95%
(Oh,
94%
Oh,
94%
oh)
94%
Oh
94%
oh
94%
(Oh
94%
I'm
92%
So
91%
so
91%
be
90%
now,
90%
now
90%
when
90%
in
89%
it
89%
it,
89%
like
89%
the
89%
Chorus | Intro Right
88%
got
87%
of
86%
time
86%
all
85%
mind
84%
wanna
84%
pickin'
83%
Refrain Pickin'
83%
yeah)
83%
(Yeah),
83%
(Yeah)
83%
Yeah,
83%
yeah
83%
yeah,
83%
Ain't
81%
state
80%
we
79%
We
79%
(we
79%
you
79%
you,
79%
livin',
77%
lovin',
77%
Lovin',
77%
my
67%
body
66%
your
62%
mouth
58%
mouth,
58%
shut
58%
Shut
58%
Can't
57%
can't
57%
turnin'
55%
and
54%
And,
54%
stop
54%
stop,
54%
boy,
53%
come
53%
vibin',
53%
vibin'
53%
me
52%
want
50%
Don't
48%
don't
48%
just
48%
know
48%
Know
48%
on
47%
with
47%
babe
44%
babe,
44%
another
43%
but
43%
down
43%
it's
43%
out,
43%
out
43%
even
42%
rainin'
42%
who
42%
where,
39%
mentality
38%
if
37%
Bridge | Pré-chorus Comin'
36%
matter
34%
ran
33%
'em
32%
'em,
32%
how,
31%
see
30%
We're
30%
too
28%
what,
28%
here
22%
Then
22%
tries
21%
fly
19%
this
19%
Couplet 2 They
18%
way
16%
colours
13%
partake
10%
point
9%
hate
8%
Aucun quiz correspondant
Distribution des résultats
% des personnes avec chaque résultat
Percentile par nombre de réponses
Votre historique - résultats
Vous n’avez pas pris ce quiz